[Event "35. Open Villa de Benasque 2015"]
[Site "Benasque ESP"]
[Date "2015.07.10"]
[Round "9.8"]
[White "Vocaturo, Daniele"]
[Black "Oratovsky, Michael"]
[Result "1-0"]
[WhiteElo "2572"]
[BlackElo "2490"]
[PlyCount "84"]
[EventDate "2015.07.03"]
[EventType "swiss"]
[EventRounds "10"]
[EventCountry "ESP"]
[Source "lmi"]
[SourceDate "2015.07.03"]

1. d4 d6 2. Nf3 g6 3. c4 Bg7 4. Nc3 Nd7 5. e4 e5 6. Be2 Ngf6 7. O-O O-O 8. d5
a5 9. Qc2 b6 10. Bg5 h6 11. Bh4 g5 12. Bg3 Nh5 13. Nd1 Nc5 14. Ne3 Nf4 15. Rfe1
h5 16. h3 Qf6 17. Nd2 Bh6 18. b3 Kh8 19. a3 h4 20. Bxf4 exf4 21. Ng4 Bxg4 22.
Bxg4 Bg7 23. e5 dxe5 24. b4 Nb7 25. c5 Qe7 26. Rac1 axb4 27. axb4 bxc5 28. bxc5
Ra5 29. Nb3 Ra4 30. Bf5 Rfa8 31. Qd1 Qf6 32. Be4 Rd8 33. d6 Nxd6 34. cxd6 cxd6
35. Rc7 Kg8 36. Bd5 Rf8 37. Qh5 Qf5 38. Nd2 Rd4 39. Be4 Rxe4 40. Nxe4 d5 41.
Qxg5 Qe6 42. Nd2 Re8 1-0

[Event "35. Open Villa de Benasque 2015"]
[Site "Benasque ESP"]
[Date "2015.07.10"]
[Round "9.9"]
[White "Cori T., Deysi"]
[Black "Gretarsson, Hjorvar Steinn"]
[Result "1/2-1/2"]
[WhiteElo "2421"]
[BlackElo "2559"]
[PlyCount "108"]
[EventDate "2015.07.03"]
[EventType "swiss"]
[EventRounds "10"]
[EventCountry "ESP"]
[Source "lmi"]
[SourceDate "2015.07.03"]

1. e4 e5 2. Nf3 Nc6 3. Bc4 Nf6 4. O-O Nxe4 5. Nc3 Nf6 6. d4 exd4 7. Ng5 d5 8.
Nxd5 Nxd5 9. Qf3 Be6 10. Re1 Be7 11. Rxe6 O-O 12. Qh5 Bxg5 13. Bxg5 Qd7 14. Re4
Qf5 15. Qh4 Ne5 16. Bxd5 Ng6 17. Qg4 Qxd5 18. Rxd4 Qe5 19. c3 f5 20. Qf3 f4 21.
h4 c6 22. Rad1 Rae8 23. a4 Qe6 24. Rd6 Qf5 25. Qd3 Qxd3 26. R6xd3 h6 27. Bd8 f3
28. h5 Ne5 29. Re3 fxg2 30. Bc7 Ng4 31. Rxe8 Rxe8 32. Kxg2 Nf6 33. Rd4 Kf7 34.
a5 Re2 35. Bb8 Rxb2 36. Bxa7 Rb5 37. Bb6 Rxh5 38. Rd8 Rg5+ 39. Kf1 Rd5 40. Rc8
Ne8 41. c4 Rd7 42. Bc5 h5 43. Kg2 Nc7 44. Bb6 Ne6 45. a6 bxa6 46. Rxc6 Rd3 47.
Be3 Rc3 48. c5 g6 49. Rxa6 Nxc5 50. Ra7+ Kg8 51. Ra8+ Kf7 52. Ra7+ Ke6 53. Rg7
Kf5 54. Rf7+ Ke5 1/2-1/2

[Event "35. Open Villa de Benasque 2015"]
[Site "Benasque ESP"]
[Date "2015.07.10"]
[Round "9.10"]
[White "Dvirnyy, Danyyil"]
[Black "Castellanos Rodriguez, Renier"]
[Result "1/2-1/2"]
[WhiteElo "2555"]
[BlackElo "2472"]
[PlyCount "63"]
[EventDate "2015.07.03"]
[EventType "swiss"]
[EventRounds "10"]
[EventCountry "ESP"]
[Source "lmi"]
[SourceDate "2015.07.03"]

1. e4 c5 2. Nf3 e6 3. d4 cxd4 4. Nxd4 Nf6 5. Nc3 d6 6. g4 h6 7. Rg1 Nc6 8. h4
h5 9. gxh5 Nxh5 10. Bg5 Nf6 11. Qd2 Qb6 12. Nb3 a6 13. O-O-O Bd7 14. Kb1 Qc7
15. f4 O-O-O 16. Qe3 Be7 17. Bh3 Kb8 18. e5 dxe5 19. fxe5 Nh5 20. Bxe7 Nxe7 21.
Qf3 Ng6 22. Qxf7 Nxe5 23. Qf2 Rdf8 24. Qc5 Nf4 25. Bf1 Qxc5 26. Nxc5 Bc8 27.
Rxg7 Rxh4 28. a3 Rh1 29. Be2 Rh2 30. Bf1 Rh1 31. Be2 Rh2 32. Bf1 1/2-1/2

[Event "35. Open Villa de Benasque 2015"]
[Site "Benasque ESP"]
[Date "2015.07.11"]
[Round "10.1"]
[White "Rodshtein, Maxim"]
[Black "Adhiban, B."]
[Result "0-1"]
[WhiteElo "2678"]
[BlackElo "2627"]
[PlyCount "71"]
[EventDate "2015.07.03"]
[EventType "swiss"]
[EventRounds "10"]
[EventCountry "ESP"]
[Source "lmi"]
[SourceDate "2015.07.03"]

1. d4 Nf6 2. c4 g6 3. Nf3 Bg7 4. g3 O-O 5. Bg2 d6 6. O-O Nbd7 7. Nc3 e5 8. b3
Re8 9. e4 exd4 10. Nxd4 a6 11. Be3 Rb8 12. f3 Ne5 13. a4 Bd7 14. h3 Qc8 15. Kh2
c5 16. Nde2 b5 17. cxb5 axb5 18. Qxd6 b4 19. Nb5 Bxb5 20. axb5 Rxb5 21. Rfc1
Ned7 22. Qa6 Qxa6 23. Rxa6 Nd5 24. Bd2 Nc3 25. Bf1 Rbb8 26. Ra7 Ne5 27. Ng1 h6
28. Rc7 Rbd8 29. Bxc3 bxc3 30. Rxc3 Rd2+ 31. Ne2 Nd3 32. Rc4 Ra8 33. Rd7 Ra1
34. Rd8+ Kh7 35. Rxd3 Rxd3 36. Kg1 0-1

[Event "35. Open Villa de Benasque 2015"]
[Site "Benasque ESP"]
[Date "2015.07.11"]
[Round "10.3"]
[White "Granda Zuniga, Julio E"]
[Black "Vocaturo, Daniele"]
[Result "1-0"]
[WhiteElo "2652"]
[BlackElo "2572"]
[PlyCount "97"]
[EventDate "2015.07.03"]
[EventType "swiss"]
[EventRounds "10"]
[EventCountry "ESP"]
[Source "lmi"]
[SourceDate "2015.07.03"]

1. b3 e5 2. Bb2 Nc6 3. e3 Nf6 4. c4 d5 5. cxd5 Nxd5 6. a3 Bd6 7. d3 O-O 8. Nf3
Qe7 9. Be2 f5 10. O-O Bd7 11. Nbd2 b5 12. Qc2 Kh8 13. g3 Rae8 14. e4 Nb6 15.
exf5 Rxf5 16. Ne4 Ref8 17. Nh4 R5f7 18. Bh5 g6 19. Bxg6 Rg7 20. Bf5 Nd4 21.
Bxd4 exd4 22. Bxd7 Nxd7 23. Kh1 Ne5 24. b4 Ng4 25. Rae1 Qf7 26. Qe2 Be7 27. h3
Ne5 28. f4 Nd7 29. Nf3 c5 30. Neg5 Qd5 31. Kh2 Bd6 32. Qe6 Rf5 33. Ne5 Qxe6 34.
Nxe6 Bxe5 35. fxe5 Rxf1 36. Rxf1 Re7 37. Nxc5 Nxe5 38. Rf4 Nc6 39. Re4 Rxe4 40.
Nxe4 Ne5 41. Nc5 Nf3+ 42. Kg2 Ne1+ 43. Kf2 Nc2 44. Ne6 Nxa3 45. Nxd4 a6 46. Ke1
Nb1 47. Ne2 Kg7 48. Kd1 Na3 49. Kc1 1-0

[Event "35. Open Villa de Benasque 2015"]
[Site "Benasque ESP"]
[Date "2015.07.11"]
[Round "10.4"]
[White "Arribas Lopez, Angel"]
[Black "Cori, Jorge"]
[Result "0-1"]
[WhiteElo "2546"]
[BlackElo "2623"]
[PlyCount "64"]
[EventDate "2015.07.03"]
[EventType "swiss"]
[EventRounds "10"]
[EventCountry "ESP"]
[Source "lmi"]
[SourceDate "2015.07.03"]

1. e4 c5 2. Nc3 a6 3. g3 b5 4. Bg2 Bb7 5. Nge2 e6 6. d4 cxd4 7. Nxd4 Nc6 8.
Nxc6 Bxc6 9. O-O h5 10. Bf4 Rc8 11. Bd6 Bxd6 12. Qxd6 h4 13. Rfe1 hxg3 14. hxg3
Nf6 15. Nd5 Bb7 16. c3 Rc6 17. Nxf6+ gxf6 18. Qd2 Rc5 19. a4 Qc7 20. axb5 Rxb5
21. b4 Rbh5 22. Rad1 f5 23. Qd6 Bxe4 24. Bxe4 fxe4 25. Rxe4 Qb7 26. f3 Rh1+ 27.
Kf2 R8h2+ 28. Ke3 Rxd1 29. Qxd1 Qc7 30. Qd4 Qxg3 31. Rg4 Qe1+ 32. Kf4 Rh5 0-1

[Event "35. Open Villa de Benasque 2015"]
[Site "Benasque ESP"]
[Date "2015.07.11"]
[Round "10.5"]
[White "Forcen Esteban, Daniel"]
[Black "Romanov, Evgeny"]
[Result "0-1"]
[WhiteElo "2539"]
[BlackElo "2575"]
[PlyCount "110"]
[EventDate "2015.07.03"]
[EventType "swiss"]
[EventRounds "10"]
[EventCountry "ESP"]
[Source "lmi"]
[SourceDate "2015.07.03"]

1. d4 Nf6 2. Nf3 e6 3. e3 b6 4. Bd3 Bb7 5. O-O g6 6. Re1 d5 7. Nbd2 Bg7 8. e4
dxe4 9. Nxe4 Nxe4 10. Bxe4 Bxe4 11. Rxe4 c5 12. Bg5 Qd5 13. dxc5 O-O 14. Qxd5
exd5 15. cxb6 dxe4 16. b7 Nc6 17. bxa8=Q Rxa8 18. Nd2 f5 19. Rb1 Nb4 20. c3 Nd3
21. Kf1 Rb8 22. Nb3 Rb5 23. Bd2 Ne5 24. Bf4 Nc4 25. Nd2 Rxb2 26. Rxb2 Nxb2 27.
c4 Bc3 28. c5 Bxd2 29. Bxd2 Kf7 30. c6 Ke6 31. Bf4 Nd3 32. c7 Kd7 33. Bd6 Nc1
34. a3 Nd3 35. f3 exf3 36. gxf3 Nb2 37. Kg2 Nc4 38. Bc5 a6 39. Kg3 Kxc7 40. Kf4
Kc6 41. Bf8 Kd5 42. Kg5 Nd2 43. f4 Ke4 44. Bd6 Nc4 45. Bc5 Ne3 46. h4 Ng4 47.
Bd6 Kd5 48. Bb8 Ke6 49. h5 gxh5 50. Kxh5 Kd5 51. a4 Ke4 52. a5 Nf2 53. Kh4 Nd3
54. Kg3 h5 55. Bc7 Nxf4 0-1

[Event "35. Open Villa de Benasque 2015"]
[Site "Benasque ESP"]
[Date "2015.07.11"]
[Round "10.6"]
[White "Burmakin, Vladimir"]
[Black "Baron, Tal"]
[Result "0-1"]
[WhiteElo "2571"]
[BlackElo "2509"]
[PlyCount "96"]
[EventDate "2015.07.03"]
[EventType "swiss"]
[EventRounds "10"]
[EventCountry "ESP"]
[Source "lmi"]
[SourceDate "2015.07.03"]

1. Nf3 Nf6 2. g3 c5 3. Bg2 Nc6 4. O-O e5 5. c4 d5 6. cxd5 Nxd5 7. Nc3 Be6 8. b3
Be7 9. Bb2 O-O 10. Rc1 f6 11. Qc2 Ndb4 12. Qb1 Rc8 13. d3 Qd7 14. Rfd1 Rfd8 15.
Ne1 Kh8 16. e3 b6 17. Ne4 Bg4 18. Rd2 Na5 19. Ba1 Qe6 20. Rb2 Nd5 21. Nc3 Nc7
22. Rd2 Rd7 23. f3 Bf5 24. e4 Bh3 25. Bxh3 Qxh3 26. Rg2 Rcd8 27. Ne2 Na6 28.
Bc3 Nc6 29. Kh1 Qe6 30. Rd1 b5 31. Nc1 c4 32. bxc4 bxc4 33. Rgd2 Qh3 34. Ne2
Bb4 35. Bxb4 Naxb4 36. Kg1 Qh6 37. f4 Qh5 38. Qb2 Nxd3 39. Qc3 exf4 40. Qxc4
Nce5 41. Rxd3 Nxc4 42. Rxd7 Rxd7 43. Rxd7 g5 44. Nd4 Qe8 45. Rc7 Qxe4 46. Nef3
Qb1+ 47. Kf2 Qb2+ 48. Ne2 Qb6+ 0-1

[Event "35. Open Villa de Benasque 2015"]
[Site "Benasque ESP"]
[Date "2015.07.11"]
[Round "10.7"]
[White "Abergel, Thal"]
[Black "Berkes, Ferenc"]
[Result "0-1"]
[WhiteElo "2440"]
[BlackElo "2664"]
[PlyCount "78"]
[EventDate "2015.07.03"]
[EventType "swiss"]
[EventRounds "10"]
[EventCountry "ESP"]
[Source "lmi"]
[SourceDate "2015.07.03"]

1. e4 c6 2. Ne2 e5 3. d4 d6 4. Ng3 g6 5. Be3 h5 6. Qd2 Nf6 7. f3 exd4 8. Bxd4
Bh6 9. Be3 Bxe3 10. Qxe3 Qb6 11. Qc3 Nbd7 12. Nd2 Qc5 13. Nc4 d5 14. exd5 cxd5
15. Qe3+ Kf8 16. Qxc5+ Nxc5 17. Ne5 h4 18. Ne2 Bf5 19. O-O-O Re8 20. Nd3 Bxd3
21. cxd3 Ne6 22. d4 Ke7 23. Nc3 a6 24. Be2 Kd6 25. Rhe1 Ng5 26. Rf1 Nh5 27. Rf2
Re7 28. Bf1 Rhe8 29. Kc2 Nf4 30. Rdd2 Re1 31. g3 hxg3 32. hxg3 Nh5 33. Ne2 Re3
34. Bg2 Ne6 35. g4 Nhf4 36. Nxf4 Nxf4 37. Bf1 Ra1 38. a3 Ree1 39. Bd3 Rac1+ 0-1

[Event "35. Open Villa de Benasque 2015"]
[Site "Benasque ESP"]
[Date "2015.07.11"]
[Round "10.8"]
[White "Stocek, Jiri"]
[Black "Gagare, Shardul"]
[Result "1/2-1/2"]
[WhiteElo "2573"]
[BlackElo "2425"]
[PlyCount "61"]
[EventDate "2015.07.03"]
[EventType "swiss"]
[EventRounds "10"]
[EventCountry "ESP"]
[Source "lmi"]
[SourceDate "2015.07.03"]

1. d4 Nf6 2. Nf3 d5 3. c4 e6 4. Nc3 Be7 5. Bg5 h6 6. Bxf6 Bxf6 7. e3 O-O 8. Qb3
c6 9. Rd1 Nd7 10. Bd3 a6 11. Bb1 Re8 12. O-O b5 13. cxd5 cxd5 14. e4 dxe4 15.
Nxe4 Nb6 16. Ne5 Bb7 17. Qg3 Bxe4 18. Bxe4 Nd5 19. f4 Rc8 20. Qf3 g6 21. g4
Bxe5 22. fxe5 Rc7 23. Rc1 Ree7 24. Bxd5 Qxd5 25. Qxd5 exd5 26. Kf2 f6 27. exf6
Rxc1 28. fxe7 Rxf1+ 29. Kxf1 Kf7 30. b4 g5 31. e8=B+ 1/2-1/2

[Event "35. Open Villa de Benasque 2015"]
[Site "Benasque ESP"]
[Date "2015.07.11"]
[Round "10.9"]
[White "Stella, Andrea"]
[Black "Jakubowski, Krzysztof"]
[Result "0-1"]
[WhiteElo "2427"]
[BlackElo "2565"]
[PlyCount "90"]
[EventDate "2015.07.03"]
[EventType "swiss"]
[EventRounds "10"]
[EventCountry "ESP"]
[Source "lmi"]
[SourceDate "2015.07.03"]

1. c4 e5 2. g3 Nc6 3. Nc3 g6 4. Bg2 Bg7 5. e4 d6 6. Nge2 h5 7. h4 Be6 8. Nd5
Qd7 9. O-O f5 10. d4 Nxd4 11. Nxd4 exd4 12. Bg5 c6 13. Nf4 Bf7 14. exf5 gxf5
15. Re1+ Kf8 16. Bh3 Be5 17. Qd3 Nh6 18. c5 Re8 19. cxd6 Qxd6 20. Bxf5 Kg7 21.
Be6 Rxe6 22. Nxe6+ Bxe6 23. Qe4 Ng4 24. f4 Qf8 25. Qd3 Bf5 26. Qb3 Bf6 27.
Qxb7+ Kg6 28. Qxc6 Qb4 29. Re6 Rf8 30. Bxf6 Nxf6 31. Rd6 Qd2 32. Qg2 Qb4 33.
Qd5 d3 34. g4 Bxg4 35. Qxd3+ Bf5 36. Qd4 Qxd4+ 37. Rxd4 Rc8 38. Rad1 Bg4 39.
R1d2 Kf5 40. Ra4 Ne4 41. Rdd4 Rc1+ 42. Kg2 Rc2+ 43. Kg1 Bf3 44. Rdc4 Rg2+ 45.
Kf1 Nd2+ 0-1

[Event "35. Open Villa de Benasque 2015"]
[Site "Benasque ESP"]
[Date "2015.07.11"]
[Round "10.10"]
[White "Gretarsson, Hjorvar Steinn"]
[Black "Tan, Justin"]
[Result "1-0"]
[WhiteElo "2559"]
[BlackElo "2417"]
[PlyCount "159"]
[EventDate "2015.07.03"]
[EventType "swiss"]
[EventRounds "10"]
[EventCountry "ESP"]
[Source "lmi"]
[SourceDate "2015.07.03"]

1. d4 e6 2. c4 Bb4+ 3. Bd2 a5 4. Nf3 d5 5. a3 Bxd2+ 6. Nbxd2 Nf6 7. e3 a4 8.
Bd3 O-O 9. O-O c5 10. dxc5 Nbd7 11. b4 axb3 12. Nxb3 dxc4 13. Bxc4 Qe7 14. Qd4
e5 15. Qd6 Qxd6 16. cxd6 Ne4 17. Rfd1 Nc3 18. Rdc1 Ne4 19. Bb5 Nxd6 20. Bxd7
Bxd7 21. Nxe5 Ba4 22. Nd4 Rfc8 23. h3 Kf8 24. Nd3 Be8 25. Rxc8 Nxc8 26. Nc5 Nd6
27. Rb1 Rc8 28. Ncb3 Ra8 29. Nc2 Rc8 30. Nbd4 Ba4 31. Nb4 b5 32. Na2 Rc5 33. f3
Ke7 34. Kf2 Kd7 35. Ke2 Nc4 36. Rc1 Rg5 37. g4 Nxa3 38. h4 Re5 39. e4 Nc4 40.
Nc3 Nd6 41. Nd5 Nc4 42. Rxc4 bxc4 43. Nb6+ Kc7 44. Nxa4 h5 45. g5 Ra5 46. Nc3
Kd7 47. Nc2 Ke6 48. Ke3 Ra8 49. Kd4 f5 50. gxf6 gxf6 51. Nd5 Ra2 52. Nf4+ Kf7
53. Kc3 Ra5 54. Nd4 Ra2 55. Kxc4 Rh2 56. Nxh5 Rxh4 57. Ng3 Rh2 58. Kd3 Ra2 59.
Ke3 Ra5 60. Kf4 Kg6 61. Ngf5 Ra7 62. Nh4+ Kh5 63. Ng2 Ra4 64. Nf5 Ra1 65. Nge3
Ra3 66. Ng4 Kg6 67. Ne7+ Kg7 68. Nd5 f5 69. exf5 Ra5 70. Nde3 Ra4+ 71. Kg5 Ra3
72. f6+ Kf7 73. f4 Ra1 74. Nc4 Rd1 75. Nce5+ Kg8 76. Kg6 Kh8 77. f7 Rd8 78.
f8=Q+ Rxf8 79. Nf7+ Kg8 80. Nf6# 1-0